Harbour & General Works Ltd v Environment Agency (Record no. 62112)
[ view plain ]
| 000 -LEADER | |
|---|---|
| fixed length control field | 00861cam a2200205 4500 |
| 001 - CONTROL NUMBER | |
| control field | X103346 |
| 008 - FIXED-LENGTH DATA ELEMENTS--GENERAL INFORMATION | |
| fixed length control field | 000000n1999 000 0 eng u |
| 035 ## - SYSTEM CONTROL NUMBER | |
| System control number | (Sirsi) u103346 |
| 245 ## - TITLE STATEMENT | |
| Title | Harbour & General Works Ltd v Environment Agency |
| 260 ## - PUBLICATION, DISTRIBUTION, ETC. | |
| Date of publication, distribution, etc. | 1999 |
| 490 ## - SERIES STATEMENT | |
| Series statement | Construction Industry Law Letter |
| Volume/sequential designation | [1999] CILL 1556-1559 |
| 520 ## - SUMMARY, ETC. | |
| Summary, etc. | CA 12 October 1999. Extension of time in which to commence arbitration under Arbitration Act 1996 s12. 'Final & binding' under ICE conditions of contract, clause 66. ICE Arbitration procedure, rule 5.2. (Taken from journal headnote) |
| 650 ## - SUBJECT ADDED ENTRY--TOPICAL TERM | |
| Topical term or geographic name entry element | HARBOUR AND GENERAL WORKS LTD V ENVIRONMENT AGENCY |
| 650 ## - SUBJECT ADDED ENTRY--TOPICAL TERM | |
| Topical term or geographic name entry element | ARBITRATION ACT 1996 S12 |
| 650 ## - SUBJECT ADDED ENTRY--TOPICAL TERM | |
| Topical term or geographic name entry element | ICE CONDITIONS OF CONTRACT 5TH EDITION CL66 |
| 650 ## - SUBJECT ADDED ENTRY--TOPICAL TERM | |
| Topical term or geographic name entry element | ICE ARBITRATION PROCEDURE |
| 650 ## - SUBJECT ADDED ENTRY--TOPICAL TERM | |
| Topical term or geographic name entry element | TIME LIMITS |
| 690 ## - LOCAL SUBJECT ADDED ENTRY--TOPICAL TERM (OCLC, RLIN) | |
| Topical term or geographic name as entry element | ARBITRATION-CASE LAW |
| 942 ## - ADDED ENTRY ELEMENTS (KOHA) | |
| Suppress in OPAC | 0 |
| Withdrawn status | Lost status | Source of classification or shelving scheme | Damaged status | Not for loan | Home library | Current library | Shelving location | Date acquired | Total Checkouts | Full call number | Barcode | Date last seen | Copy number | Price effective from | Koha item type |
|---|---|---|---|---|---|---|---|---|---|---|---|---|---|---|---|
| Dewey Decimal Classification | London | London | Journal article | 22/12/1999 | X103346 | 103346-1001 | 06/08/2019 | 1 | 06/08/2019 | Law report |